Výnosy v účtovníctve podnikateľov na Slovensku a IAS/IFRS

Výnosy v slovenskej účtovnej legislatíve. Výnosy v IAS 18. Medzinárodné účtovné štandardy rozlišujú v rámci výnosov revenues (výnosy z bežnej činnosti) a gains (iné prínosy a zisky, pasívne zisky). Nakoľko medzinárodné účtovné štandardy nie sú daňovo orientované, požiadavky IAS 18 sú mnohokrát nepor...

Descrizione completa

Salvato in:
Dettagli Bibliografici
Autore principale: Hvastová, Jozefína, 1969-
Natura: Capitolo di libro
Lingua:slovacco
Soggetti:
Tags: Aggiungi Tag
Nessun Tag, puoi essere il primo ad aggiungerne!!

MARC

LEADER 00000nla$a2200000$$$4500
001 0128754
005 20240502072458.0
041 0 |a slo 
044 |a SK 
245 1 0 |a Výnosy v účtovníctve podnikateľov na Slovensku a IAS/IFRS  |c Jozefína Hvastová 
520 |a Výnosy v slovenskej účtovnej legislatíve. Výnosy v IAS 18. Medzinárodné účtovné štandardy rozlišujú v rámci výnosov revenues (výnosy z bežnej činnosti) a gains (iné prínosy a zisky, pasívne zisky). Nakoľko medzinárodné účtovné štandardy nie sú daňovo orientované, požiadavky IAS 18 sú mnohokrát neporovnateľné s požiadavkami účtovnej legislatívy na Slovensku. 
610 2 0 |a výnosy 
610 2 0 |a výsledok hospodársky 
610 2 0 |a účtovníctvo 
610 2 0 |a výkaz ziskov a strát 
610 2 0 |a Slovensko 
610 2 0 |a štandardy účtovné medzinárodné 
100 1 |a Hvastová, Jozefína, 1969-